[Event "Weihnachtsopen"]
[Site "Zurich SUI"]
[Date "1999.12.30"]
[Round "7"]
[White "Loetscher,R"]
[Black "Wildi,M"]
[Result "1-0"]
[WhiteElo "2209"]
[BlackElo "2304"]

1.d4 Nf6 2.c4 e6 3.g3 Bb4+ 4.Bd2 Be7 5.Bg2 d5 6.Nf3 O-O 7.O-O dxc4 8.Qc2 Nc6
9.Qxc4 Ne4 10.Bf4 g5 11.Be3 Nd6 12.Qc1 Nf5 13.Nc3 Nxe3 14.Qxe3 Nb4 15.Rad1 c6
16.Qc1 Bd7 17.e4 Rc8 18.a3 Na6 19.Rfe1 Nc7 20.Bf1 h6 21.Kg2 f6 22.Bd3 Be8
23.Bb1 Bh5 24.Qe3 b6 25.h3 Re8 26.g4 Bf7 27.h4 Bf8 28.hxg5 hxg5 29.e5 Bg7
30.exf6 Qxf6 31.Qxg5 Qxg5 32.Nxg5 Nd5 33.Nce4 Red8 34.Nxf7 Kxf7 35.Ng5+ Kg8
36.Nxe6 Re8 37.Nxg7 Kxg7 38.Kg3 Rf8 39.Bf5 Rcd8 40.Re6  1-0

[Event "Alushta3"]
[Site "Alushta"]
[Date "1999.??.??"]
[Round "?"]
[White "Askarian, Karen"]
[Black "Edzgveradze, Natalia"]
[Result "1/2-1/2"]
[WhiteElo "2295"]
[BlackElo "2295"]

1.d4 Nf6 2.c4 e6 3.g3 Bb4+ 4.Bd2 Be7 5.Nc3 d5 6.Nf3 O-O 7.cxd5 exd5 8.Bg2 c6
9.O-O Nbd7 10.Qc2 Bd6 11.Ne1 Re8 12.Nd3 Nf8 13.Bf4 Bf5 14.Bxd6 Qxd6 15.Qd2 Ne6
16.e3 Ne4 17.Nxe4 dxe4 18.Qb4 Rad8 19.Qxd6 Rxd6 20.Nc1 c5 21.dxc5 Nxc5 22.Ne2 Rd2
23.Nd4 Bg6 24.b4 Nd3 25.b5 Rd8 26.a4 h5 27.h4 Rd6 28.Rad1 Ra2 29.Ra1 Rd2
30.Rad1 Ra2 31.Ra1  1/2-1/2

[Event "Bagneux"]
[Site "Bagneux"]
[Date "1999.??.??"]
[Round "5"]
[White "Gyorkos, Lajos"]
[Black "Borne, Niels"]
[Result "1/2-1/2"]
[WhiteElo "2420"]
[BlackElo "2310"]

1.d4 Nf6 2.c4 e6 3.g3 Bb4+ 4.Bd2 Qe7 5.Nf3 Nc6 6.Nc3 Bxc3 7.Bxc3 Ne4 8.Rc1 O-O
9.Bg2 d6 10.d5 Nxc3 11.Rxc3 Nd8 12.dxe6 Nxe6 13.O-O a5 14.Qd2 Bd7 15.Nh4 Nc5
16.Re1 f5 17.Bxb7 Nxb7 18.Qd5+ Be6 19.Qxb7 Rab8 20.Qa7 Rxb2 21.Qxa5 f4 22.Qa3 Rd2
23.Nf3 fxg3 24.hxg3 Qf6 25.Rcc1 Bg4 26.c5 Bxf3 27.exf3 Qxf3 28.Qxf3 Rxf3
29.cxd6 cxd6 30.Re7 Rdxf2 31.Rc8+ Rf8 32.Rxf8+ Rxf8 33.Rd7 Ra8 34.Rxd6 Rxa2
35.Rd7 h5 36.Rb7 Kh7 37.Rb6 g6 38.Rb5 Kh6 39.Kf1 Rh2 40.Kg1 Ra2 41.Kf1 Rd2
42.Kg1 Kg7 43.Ra5 Kf6 44.Kf1 Ke6 45.Rg5 Kf6 46.Ra5 g5 47.Rb5 Kg6 48.Ra5 g4
49.Rb5 Rd3 50.Kg2 Rf3 51.Ra5 Rf5 52.Ra2 Kf6 53.Ra6+ Ke5 54.Ra4 Kd5 55.Ra5+ Ke4
56.Ra4+ Kd3 57.Ra3+ Kc2 58.Ra2+ Kb3 59.Ra8 Rc5 60.Kf2 Kc3 61.Ke3  1/2-1/2

[Event "Oberliga Bayern9899"]
[Site "Bayern"]
[Date "1999.??.??"]
[Round "?"]
[White "Geberl, Hans Walter"]
[Black "Wimmer, Herbert"]
[Result "1/2-1/2"]
[WhiteElo "2085"]
[BlackElo "2170"]

1.d4 Nf6 2.c4 e6 3.g3 Bb4+ 4.Bd2 Qe7 5.Bg2 Nc6 6.Nf3 Bxd2+ 7.Nbxd2 d6 8.O-O a5
9.e4 O-O 10.Re1 e5 11.d5 Nb8 12.b3 Na6 13.a3 Bd7 14.Qc2 Rfb8 15.Qc3 Nc5 16.b4 axb4
17.axb4 Rxa1 18.Qxa1 Na4 19.Nb3 b6 20.b5 Nc5 21.Nxc5 bxc5 22.Nd2 Qd8 23.Re3 Ra8
24.Ra3 Rxa3 25.Qxa3 Qb8 26.h4 Bc8 27.f3 Nd7 28.Nb3 Nb6 29.Bf1 Bd7 30.Nd2 Qa8
31.Qxa8+ Nxa8 32.f4 f6 33.Be2 Nb6 34.Kf2 Kf8 35.Ke3 Ke7 36.Bd1 Bc8 37.Kd3 Bd7
38.Bf3 Bc8 39.Nf1 Bd7 40.Ne3 Bc8 41.Bg4  1/2-1/2

[Event "Regionalliga SO9899"]
[Site "Bayern"]
[Date "1999.??.??"]
[Round "?"]
[White "Anka, Emil"]
[Black "Hecht, Hans Joachim"]
[Result "1-0"]
[WhiteElo "2375"]
[BlackElo "2410"]

1.d4 Nf6 2.c4 e6 3.g3 Bb4+ 4.Bd2 Qe7 5.Nf3 Nc6 6.Nc3 d5 7.a3 Bxc3 8.Bxc3 O-O
9.Bg2 Rd8 10.Qb3 a5 11.O-O b6 12.Rac1 Ba6 13.cxd5 exd5 14.Rfe1 Ne4 15.Qc2 Rd6
16.Bd2 Nxd2 17.Qxd2 Re8 18.Rc3 Nd8 19.Qc2 Ne6 20.e3 c5 21.dxc5 bxc5 22.Qa4 d4
23.exd4 cxd4 24.Rc5 Rb8 25.Rxa5 Bb7 26.Nxd4 Bxg2 27.Nf5 Qc7 28.Nxd6 Bc6 29.Rc1 Bxa4
30.Rxc7 Nxc7 31.Rxa4 Rxb2 32.Rb4 Rxb4 33.axb4 Kf8 34.f4 g6 35.Kf2 Ke7 36.Nc4 Ke6
37.Kf3 Kd5 38.Ne5 f6 39.Ng4 Ke6 40.Ne3 f5 41.Ke2 Na6 42.Nc2 Nc7 43.Kd3 Kd6
44.Kc4 Nd5 45.b5 h6 46.Kd4 Nc7 47.Kc4 Nd5 48.Ne1 g5 49.Ng2 gxf4 50.gxf4 h5
51.h4 Nb6+ 52.Kd4 Nd5 53.Ne3 Nxf4 54.Nxf5+ Kc7 55.Kc5 Ne6+ 56.Kb4 Kb6 57.Ne3 Nd4
58.Nc4+ Kb7 59.Ne3 Kb6 60.Nd5+ Kb7 61.Ne3 Kb6 62.Nc4+ Kb7 63.b6 Kc6 64.Ka5 Nb3+
65.Ka6 Nc5+ 66.Ka7 Kd5 67.Na5 Ke4 68.Ka8 Kd5 69.Nb3 Nd7 70.b7 Kc6 71.Ka7 Kd5
72.Nd2 Ne5 73.Nf1 Nc6+ 74.Kb6 Nb8 75.Ng3 Kd6 76.Nxh5 Nd7+ 77.Ka7 Kc7 78.Nf6  1-0

[Event "Oberliga Bayern9899"]
[Site "Bayern"]
[Date "1999.??.??"]
[Round "?"]
[White "Wimmer, Herbert"]
[Black "Niessen, Helga"]
[Result "1/2-1/2"]
[WhiteElo "2170"]
[BlackElo "2070"]

1.d4 Nf6 2.c4 e6 3.g3 Bb4+ 4.Bd2 a5 5.Bg2 O-O 6.Nf3 Ne4 7.Bxb4 axb4 8.Nfd2 Nxd2
9.Nxd2 d6 10.Qb3 c5 11.dxc5 dxc5 12.Ne4 Qc7 13.O-O f5 14.Ng5 Nc6 15.Bxc6 Qxc6
16.Qf3 Qc7 17.a3 Bd7 18.Rfd1 bxa3 19.Rxa3 Rxa3 20.Qxa3 h6 21.Qd3 hxg5 22.Qxd7 Qe5
23.Rd2 Qe4 24.Qd3 Qc6 25.Qd6 Qe4 26.Qd3 Qc6 27.f3 Qa4 28.b3 Qa1+ 29.Kg2 Qe5
30.Kf2 f4 31.g4 Ra8 32.Qe4 Qxe4 33.fxe4 Ra3 34.Rb2 Ra6 35.e5 Rb6 36.e3 fxe3+
37.Kxe3 Rb4 38.Kd3 Kf7 39.Kc3 Ke7 40.Ra2 Rb6 41.Ra8 Ra6 42.Rb8 Rb6 43.Rg8 Kf7
44.Rc8 Rc6 45.Rb8 Rb6 46.Rd8 Ke7 47.Rd1 Ra6 48.Kb2 Ra8 49.Rd3 Rd8 50.Rxd8 Kxd8
51.Kc3  1/2-1/2

[Event "Budapest FS07 Elo"]
[Site "Budapest"]
[Date "1999.??.??"]
[Round "6"]
[White "Bock, I."]
[Black "Merenyi, Gabor"]
[Result "1/2-1/2"]
[WhiteElo "2220"]
[BlackElo "2105"]

1.d4 Nf6 2.c4 e6 3.g3 Bb4+ 4.Bd2 Qe7 5.Bg2 d5 6.Nf3 O-O 7.O-O Bxd2 8.Nbxd2 Na6
9.Rc1 b6 10.Ne5 Bb7 11.cxd5 exd5 12.Nd3 c5 13.dxc5 bxc5 14.h4 Rac8 15.Nf4 Rfd8
16.Re1 h6 17.Nf3 Ne4 18.h5 Rd6 19.Nh4 Qe5 20.Qa4 c4 21.Rcd1 Nac5 22.Qc2 a5
23.Nf3 Qf6 24.Nd2 Re8 25.Nxe4 Nxe4 26.e3 Qe5 27.Rd4 Nf6 28.Qd1 Red8 29.Re2 Nxh5
30.Nxh5 Qxh5 31.e4 Ba6 32.Red2 Qe5 33.exd5 Bb5 34.Bf1 Re8 35.Qg4 f5 36.Qf4  1/2-1/2

[Event "Alfoeld Cup"]
[Site "Hajduszoboszlo"]
[Date "1999.??.??"]
[Round "5"]
[White "Kucsa, Andras"]
[Black "Gal, Tamas"]
[Result "1-0"]
[WhiteElo "1960"]
[BlackElo "1790"]

1.d4 Nf6 2.c4 e6 3.g3 Bb4+ 4.Bd2 Bxd2+ 5.Qxd2 O-O 6.Nc3 d5 7.cxd5 exd5 8.Bg2 Bf5
9.Nh3 Re8 10.O-O Ne4 11.Nxe4 Bxe4 12.f3 Bf5 13.Nf2 Bg6 14.e4 dxe4 15.fxe4 c6
16.Qb4 Qc7 17.Rac1 f5 18.e5 Bf7 19.Nd3 Na6 20.Qc3 Qd7 21.Rcd1 Qe6 22.b3 g6
23.Nf4 Qe7 24.Rfe1 g5 25.Nd3 Rad8 26.Nb2 Nc7 27.Nc4 Nb5 28.Qe3 Rd7 29.a4 Nc7
30.Qf2 Be6 31.Nd6 Rf8 32.Nxb7 Bxb3 33.Rb1 Bd5 34.Nc5 Rdd8 35.Rb7 a5 36.Na6 Rc8
37.Bxd5+ cxd5 38.Rc1 Qa3 39.Rcxc7 Rxc7 40.Rxc7 Qa1+ 41.Kg2 f4 42.g4 Qb1 43.Qc2  1-0

[Event "Hessen-ch int"]
[Site "Hessen"]
[Date "1999.??.??"]
[Round "4"]
[White "Kachiani Gersinska, Ketino"]
[Black "Chuchelov, Vladimir"]
[Result "1/2-1/2"]
[WhiteElo "2425"]
[BlackElo "2530"]

1.d4 Nf6 2.c4 e6 3.g3 Bb4+ 4.Bd2 Be7 5.Bg2 d5 6.Nf3 O-O 7.O-O c6 8.Qb3 Nbd7
9.Bb4 Bxb4 10.Qxb4 b6 11.cxd5 Nxd5 12.Qd2 Ba6 13.Rc1 c5 14.Nc3 Nxc3 15.Rxc3 Bb7
16.Rd1 Qe7  1/2-1/2

[Event "Nigran op 13th"]
[Site "Nigran"]
[Date "1999.??.??"]
[Round "3"]
[White "Dischinger, Frank"]
[Black "Pena Torres, Jose Carlos"]
[Result "1-0"]
[WhiteElo "2260"]
[BlackElo "2115"]

1.d4 Nf6 2.c4 e6 3.g3 Bb4+ 4.Bd2 a5 5.Bg2 O-O 6.Nc3 Nc6 7.a3 Be7 8.Nf3 d6
9.O-O e5 10.d5 Nb8 11.b4 Nbd7 12.e4 c6 13.h3 cxd5 14.cxd5 Nb6 15.bxa5 Rxa5
16.Qb3 Nbd7 17.Na4 Ra6 18.Rfe1 Ne8 19.Bf1 Ra8 20.Be3 Qa5 21.Nb6 Nxb6 22.Bxb6 Qa4
23.Qxa4 Rxa4 24.Bb5 Ra8 25.g4 Nf6 26.a4 Bd8 27.Bxd8 Rxd8 28.Rab1 h5 29.g5 Nd7
30.Rb4 Nc5 31.Rc1 f6 32.gxf6 gxf6 33.Kh2 Kf7 34.Nd2 Bd7 35.Be2 Rxa4 36.Rxa4 Bxa4
37.Bxh5+ Ke7 38.Rg1 Rf8 39.f3 b5 40.Rg7+ Kd8 41.Ra7 f5 42.Bg6 fxe4 43.Nxe4 Nxe4
44.Bxe4 Bd1 45.h4 b4 46.h5 Rf6 47.Kg3 b3 48.Ra1 Bc2 49.Bxc2 bxc2 50.Rc1 Rf5
51.Kg4 Rf4+ 52.Kg5 Rxf3 53.Rxc2 Ke7 54.h6 Kf7 55.Rc7+ Kg8 56.Rc8+ Kh7 57.Rc7+ Kg8
58.Rd7 Rg3+ 59.Kf5 Rf3+ 60.Kg4 Rf1 61.Rxd6 Kh7 62.Kg5 Rg1+ 63.Kf5 Re1 64.Re6 Re2
65.d6 Kg8 66.Rxe5 Rf2+ 67.Ke6 Kf8 68.d7 Rd2 69.Rd5  1-0

[Event "RUS-ch sf"]
[Site "Novosibirsk"]
[Date "1999.??.??"]
[Round "2"]
[White "Korniushin, Nikolay"]
[Black "Gutov, Andrei"]
[Result "0-1"]
[WhiteElo "2428"]
[BlackElo "2278"]

1.d4 Nf6 2.c4 e6 3.g3 Bb4+ 4.Bd2 Qe7 5.Bg2 Nc6 6.a3 Bxd2+ 7.Qxd2 a5 8.Nc3 d6
9.Nf3 e5 10.d5 Nb8 11.Qc2 O-O 12.O-O Nh5 13.b4 f5 14.Rac1 Na6 15.Qb2 Bd7
16.e4 f4 17.c5 axb4 18.cxd6 cxd6 19.axb4 Rf6 20.Nd2 Raf8 21.Rfe1 Rh6 22.Qb3 Qf7
23.Nf3 Bg4 24.Rf1 Nf6 25.Ng5 Qh5 26.h4 Rg6 27.Nb5 Be2 28.Nxd6 Bxf1 29.Kxf1 fxg3
30.Qxg3 Ng4 31.Nf5 Rxg5 32.hxg5 Qxg5 33.Re1 g6 34.Ne3 Rxf2+ 35.Kg1 Rf4 36.d6 h5
37.d7 Nxb4 38.Rd1 Nc6 39.Nd5 Rf8 40.Bh3 Nd4 41.Re1 Nf3+ 42.Kh1 Nxe1 43.Qxe1 Nf2+
44.Kh2 Nxh3  0-1

[Event "RUS-ch sf"]
[Site "Novosibirsk"]
[Date "1999.??.??"]
[Round "6"]
[White "Korniushin, Nikolay"]
[Black "Ivanov, Timur"]
[Result "0-1"]
[WhiteElo "2428"]
[BlackElo "2390"]

1.d4 Nf6 2.c4 e6 3.g3 Bb4+ 4.Bd2 Qe7 5.Bg2 Nc6 6.Nf3 Bxd2+ 7.Nbxd2 d6 8.O-O a5
9.b3 O-O 10.e4 e5 11.d5 Nb8 12.a3 Na6 13.b4 Bd7 14.Rb1 c6 15.Qe2 axb4 16.axb4 c5
17.b5 Nb4 18.Ra1 Bg4 19.Nb3 Nd7 20.h3 Bxf3 21.Bxf3 g6 22.Bg2 f5 23.h4 f4
24.Qg4 Nb6 25.Qe6+ Qxe6 26.dxe6 f3 27.e7 Rfc8 28.Bxf3 Kf7 29.Be2 Nc2 30.Rad1 Kxe7
31.Rd2 Nd4 32.Nxd4 cxd4 33.Bg4 Ra3 34.Rc1 Na4 35.Rb1 Nc5 36.Re2 Rf8 37.Rc1 d3
38.Re3 d2 39.Rd1 Rxe3 40.fxe3 Nxe4 41.Be2 Nxg3 42.Rxd2 Nxe2+ 43.Rxe2 Rc8
44.Rc2 Ke6 45.e4 b6 46.Kf2 Ra8 47.Rc3 Ra2+ 48.Kf3 Ra1 49.Kf2 Rh1 50.Kg3 Rf1
51.Kh3 Re1 52.Kg4 Rxe4+ 53.Kg5 Rf4  0-1

[Event "RUS-ch sf"]
[Site "Novosibirsk"]
[Date "1999.??.??"]
[Round "8"]
[White "Roppel, Konstantin"]
[Black "Gutov, Andrei"]
[Result "1-0"]
[WhiteElo "2331"]
[BlackElo "2278"]

1.d4 Nf6 2.c4 e6 3.g3 Bb4+ 4.Bd2 Qe7 5.Bg2 Nc6 6.a3 Bxd2+ 7.Qxd2 a5 8.Nc3 d6
9.Nf3 e5 10.d5 Nb8 11.O-O O-O 12.Qc2 c5 13.e3 Rd8 14.Rad1 Na6 15.Na4 Bg4
16.h3 Bh5 17.Rd2 Nc7 18.Nh4 e4 19.g4 Qe5 20.Qc3 Qg5 21.Nf5 Bg6 22.Bxe4 Nfe8
23.f4 Qf6 24.g5 Qxc3 25.Nxc3 Bxf5 26.Bxf5 g6 27.Bc2 f5 28.gxf6 Nxf6 29.f5 gxf5
30.Rxf5 Rf8 31.Rg2+ Kh8 32.Rgf2 Kg7 33.Ba4 Rad8 34.e4 Nce8 35.e5 dxe5 36.Rg5+ Kh6
37.Rxe5 Rg8+ 38.Kh2 Rg6 39.Re7 Nd6 40.Bc2  1-0

[Event "ESP-chJ"]
[Site "Sevilla"]
[Date "1999.??.??"]
[Round "4"]
[White "Franco Alonso, Alejandro"]
[Black "Fluvia Poyatos, Joan"]
[Result "0-1"]
[WhiteElo "2185"]
[BlackElo "2318"]

1.d4 Nf6 2.c4 e6 3.g3 Bb4+ 4.Bd2 Qe7 5.Bg2 Nc6 6.Nf3 Bxd2+ 7.Nbxd2 d6 8.O-O a5
9.e4 e5 10.d5 Nb8 11.Ne1 h5 12.Nd3 h4 13.f4 hxg3 14.hxg3 Ng4 15.Qe1 Na6 16.Nf3 Nb4
17.Qd2 Nxd3 18.Qxd3 b6 19.b3 g6 20.Qc3 Rh5 21.a3 f5 22.Rae1 fxe4 23.Rxe4 Bf5
24.Re2 e4 25.Ng5 O-O-O 26.b4 Rxg5 27.fxg5 Qh7 28.Rf4 e3 29.Bf3 Qh3 30.Rg2 Rh8
31.Kf1 Qh1+ 32.Ke2 Rh2 33.Rxh2 Qxh2+ 34.Kd1 Qg1+  0-1

[Event "Mislata op8th"]
[Site "Valencia"]
[Date "1999.??.??"]
[Round "2"]
[White "Megias Chafer, Alejandro"]
[Black "Hernandez, Roman"]
[Result "1/2-1/2"]
[WhiteElo "2050"]
[BlackElo "2425"]

1.d4 Nf6 2.c4 e6 3.g3 Bb4+ 4.Bd2 Qe7 5.Bg2 Nc6 6.Nf3 Bxd2+ 7.Qxd2 Ne4 8.Qc2 Qb4+
9.Nc3 Nxc3 10.Qxc3 Qxc3+ 11.bxc3 Rb8 12.e3 b6 13.Nd2 Na5 14.Bf1 Ba6 15.Be2 c6
16.Rb1 O-O 17.c5 Bxe2 18.Kxe2 bxc5 19.dxc5 Rb5 20.Rxb5 cxb5 21.Nb3 Nc6 22.Rd1 Nb8
23.Rd6 Rc8 24.Kd3 Kf8 25.e4 Ke7 26.e5 h5 27.a3 g5 28.Kd4 Nc6+ 29.Ke4 Nb8
30.Kd4  1/2-1/2

[Event "FIN-ch"]
[Site "Vammala"]
[Date "1999.??.??"]
[Round "6"]
[White "Karttunen, Mika"]
[Black "Jouhki, Yrjo Markus"]
[Result "1/2-1/2"]
[WhiteElo "2293"]
[BlackElo "2306"]

1.d4 Nf6 2.c4 e6 3.g3 Bb4+ 4.Bd2 Qe7 5.Bg2 Nc6 6.Nf3 Bxd2+ 7.Qxd2 Ne4 8.Qc2 Qb4+
9.Nc3 Nxc3 10.Qxc3 Qxc3+ 11.bxc3 d6 12.O-O O-O 13.Rab1 Rb8 14.Nd2 Na5 15.f4 b6
16.Be4 Ba6 17.Bd3 g6 18.g4 f5 19.gxf5 gxf5  1/2-1/2

[Event "Zaragoza op 11th"]
[Site "Zaragoza"]
[Date "1999.??.??"]
[Round "4"]
[White "Ricardi, Pablo"]
[Black "Garza Marco, Sergio"]
[Result "0-1"]
[WhiteElo "2525"]
[BlackElo "2255"]

1.d4 Nf6 2.c4 e6 3.g3 Bb4+ 4.Bd2 Qe7 5.Bg2 Nc6 6.d5 Ne5 7.Qb3 Bxd2+ 8.Nxd2 d6
9.Ngf3 Nxf3+ 10.Bxf3 e5 11.O-O b6 12.Bg2 h5 13.h3 h4 14.g4 Nh7 15.Qe3 a5
16.b3 g6 17.Kh1 Ng5 18.a3 Bd7 19.b4 f5 20.gxf5 gxf5 21.f4 exf4 22.Qxf4 Qg7
23.c5 axb4 24.cxd6 Rxa3 25.Rxa3 bxa3 26.Qe3+ Kf7 27.Qxa3 cxd6 28.Qxd6 Kg8
29.Qxb6 Rh6 30.Qd8+ Kh7 31.Rf4 Ra6 32.Nf1 Ra4 33.e3 Kg6 34.Qb6+ Kh5 35.Qc7 Ra2
36.Qc4 Qb2 37.Rxh4+ Kg6 38.Rh6+ Kxh6 39.Qh4+ Kg6 40.Qg3 Qf2 41.Qd6+ Be6  0-1

[Event "V Ubeda Open"]
[Site "Ubeda ESP"]
[Date "2000.01.20"]
[Round "2"]
[White "Rashkovsky,N"]
[Black "Roeder,M"]
[Result "1/2-1/2"]
[WhiteElo "2523"]
[BlackElo "2413"]

1.d4 Nf6 2.c4 e6 3.g3 Bb4+ 4.Bd2 Be7 5.Bg2 d5 6.Nf3 O-O 7.O-O c6 8.Qc2 b6
9.Rd1 Ba6 10.b3 Nbd7 11.Bf4 Re8 12.Nc3 Nh5 13.Bc1 f5 14.Bb2 Bd6 15.e3 Qe7
16.a4 dxc4 17.Qe2 Nhf6 18.bxc4 Bb4 19.Na2 Bd6 20.Qc2 c5 21.d5 exd5 22.cxd5 Ne4
23.Nc3 Ndf6 24.Nb5 Ng4 25.Rf1 Red8 26.Nd2 Nxd2 27.Qxd2 Be5 28.Bxe5 Qxe5 29.Rfd1 Rd7
30.Rab1  1/2-1/2

[Event "Goodricke Open"]
[Site "Calcutta IND"]
[Date "2000.02.11"]
[Round "6"]
[White "Horvath,Jo"]
[Black "Gokhale,C"]
[Result "1-0"]
[WhiteElo "2557"]
[BlackElo "2378"]

1.d4 Nf6 2.c4 e6 3.g3 Bb4+ 4.Bd2 Qe7 5.Bg2 O-O 6.Nf3 Nc6 7.O-O Bxd2 8.Qxd2 d6
9.Nc3 Re8 10.Rac1 e5 11.Nd5 Qd8 12.Nxf6+ Qxf6 13.d5 Nb8 14.c5 a5 15.Ng5 h6
16.Ne4 Qe7 17.Qc3 Bf5 18.Nd2 Na6 19.cxd6 cxd6 20.Nc4 Nb4 21.Qf3 Bg6 22.Qb3 Rec8
23.Nb6 Rxc1 24.Rxc1 Ra6 25.Nc4 e4 26.Ne3 Ra8 27.a3 Na6 28.Qb5 Nc5 29.b4 axb4
30.axb4 Na6 31.Bh3 Rb8 32.Rc8+ Kh7 33.Rxb8 Nxb8 34.Bc8 Bh5 35.g4 Bg6 36.Qxb7 Qxb7
37.Bxb7 h5 38.g5 Nd7 39.Nc4 f6 40.Bc8 Ne5 41.Nxe5  1-0

[Event "FSIMA February"]
[Site "Budapest HUN"]
[Date "2000.02.15"]
[Round "11"]
[White "Froehlich,P"]
[Black "Sinkovics,P"]
[Result "0-1"]
[WhiteElo "2375"]
[BlackElo "2331"]

1.d4 Nf6 2.c4 e6 3.g3 Bb4+ 4.Nd2 Nc6 5.Nf3 d6 6.Bg2 O-O 7.O-O e5 8.d5 Bxd2
9.Bxd2 Ne7 10.Ne1 a5 11.e4 Ng6 12.Nd3 b6 13.b3 Nd7 14.h4 Nc5 15.Nxc5 bxc5
16.h5 Nh8 17.h6 f5 18.hxg7 Kxg7 19.f4 Ng6 20.fxe5 Nxe5 21.Qh5 Qf6 22.exf5 Bxf5
23.Rae1 Qg6 24.Qh4 a4 25.Bc3 axb3 26.axb3 Rae8 27.Rf4 Kg8 28.Kh1 Nd3 29.Rxe8 Rxe8
30.Rf1 Ne5 31.Qf4 Qh5+ 32.Qh4 Qxh4+ 33.gxh4 Bc2 34.Bh3 Be4+ 35.Bg2 Bc2 36.Bh3 Be4+
37.Kh2 Nf3+ 38.Kg3 Nd4 39.Kh2 Bd3 40.Bxd4 Bxf1  0-1

[Event "Open"]
[Site "Cannes FRA"]
[Date "2000.02.20"]
[Round "1"]
[White "Duquesnoy,JP"]
[Black "Corrigan,F"]
[Result "1-0"]
[WhiteElo "2173"]
[BlackElo "2041"]

1.d4 Nf6 2.c4 e6 3.g3 Bb4+ 4.Bd2 Qe7 5.Bg2 Nc6 6.Nf3 O-O 7.Nc3 Bxc3 8.Bxc3 Ne4
9.Rc1 Nxc3 10.Rxc3 d6 11.O-O a5 12.d5 Nb4 13.a3 Na6 14.dxe6 fxe6 15.Nd4 c6
16.h4 e5 17.Nf3 h6 18.b3 Bf5 19.Re3 Qd7 20.Qd2 Nc7 21.Rd1 Rfd8 22.Qb2 Qf7
23.Rc3 Ne6 24.Rcc1 Nc5 25.b4 axb4 26.axb4 Na4 27.Qa1 Nb6 28.Qc3 Na4 29.Qd2 Nb6
30.c5 Ra2 31.Qe1 Nc4 32.cxd6 Rxd6 33.Rxd6 Nxd6 34.Nxe5 Qe6 35.Ra1 Rc2 36.f4 Qb3
37.Kh2 Qe3 38.Bf3 Ne4 39.Qg1 Qc3 40.Qe1 Qe3 41.Qg1 Qc3 42.g4 Be6 43.Ra8+  1-0

[Event "ch-Serbia"]
[Site "Kragujevac YUG"]
[Date "2000.02.23"]
[Round "5"]
[White "Lajthajm,B"]
[Black "Jakovljevic,Vlado"]
[Result "0-1"]
[WhiteElo "2428"]
[BlackElo "2310"]

1.d4 Nf6 2.c4 e6 3.g3 Bb4+ 4.Bd2 c5 5.Bg2 Qb6 6.d5 exd5 7.cxd5 Bxd2+ 8.Qxd2 O-O
9.Nc3 d6 10.Nf3 Qa5 11.O-O b5 12.a3 a6 13.e4 Nbd7 14.Nh4 Qd8 15.b3 Re8 16.Rfe1 Rb8
17.f4 b4 18.Na4 bxa3 19.Qc3 Nb6 20.Rxa3 Nxa4 21.bxa4 a5 22.Qd2 Rb4 23.e5 Rd4
24.Rd3 dxe5 25.Rxe5 Rxe5 26.fxe5 Nxd5 27.Rxd4 cxd4 28.Nf3 Nc3 29.h4 Bg4 30.Ng5 Qd7
31.Qf2 h6 32.Ne4 Nxe4 33.Bxe4 d3 34.Qb6 g6 35.Bxg6 d2 36.Bxf7+ Kxf7 37.Qf6+ Kg8  0-1

[Event "Oz.com qualifier blitz"]
[Site "Internet ICC"]
[Date "2000.03.05"]
[Round "2"]
[White "Schroer,J"]
[Black "Macieja,B"]
[Result "1-0"]
[WhiteElo "2350"]
[BlackElo "2538"]

1.d4 Nf6 2.c4 e6 3.g3 Bb4+ 4.Bd2 Qe7 5.Bg2 Nc6 6.Nf3 Bxd2+ 7.Nbxd2 d6 8.e4 a5
9.O-O e5 10.d5 Nb8 11.Ne1 h5 12.Nef3 c6 13.c5 dxc5 14.Nc4 O-O 15.Ncxe5 Bg4
16.Nxg4 hxg4 17.Nh4 Qe5 18.Rc1 cxd5 19.Rxc5 b6 20.Rb5 Qe8 21.Rxb6 Nbd7 22.Rb3 dxe4
23.Nf5 Qe5 24.Nd6 Nc5 25.Rb5 Rad8 26.Nc4 Qe8 27.Rxc5 Rxd1 28.Rxd1 a4 29.Nd6 Qe6
30.Nc4 Rc8 31.Rxc8+ Qxc8 32.b3 axb3 33.axb3 g6 34.Ra1 Qc5 35.Ne3 Kg7 36.Rb1 Qb4
37.Nc2 Qd2 38.Ne3 Qa2 39.Re1 Qxb3 40.h3 gxh3 41.Bxh3 Nd5 42.Nxd5 Qxd5 43.Bg2 f5
44.g4 Qd2 45.Kf1 Kf6 46.gxf5 gxf5 47.Re3 Qd1+ 48.Re1 Qd3+ 49.Kg1 Kg5 50.Re3 Qd1+
51.Kh2 Qh5+ 52.Kg1 Qd1+ 53.Kh2 Kf6 54.Ra3 Qd6+ 55.Rg3 f4 56.Rh3 f3+ 57.Kg1 Qd1+
58.Bf1 Qe1 59.Rg3 Ke5 60.Rg8 Qa5 61.Rg5+  1-0

[Event "Oz.com qualifier blitz"]
[Site "Internet ICC"]
[Date "2000.03.05"]
[Round "6"]
[White "Schroer,J"]
[Black "Michalke,G"]
[Result "1-0"]
[WhiteElo "2350"]
[BlackElo "2197"]

1.d4 e6 2.c4 Nf6 3.g3 Bb4+ 4.Bd2 Bxd2+ 5.Qxd2 c5 6.Nf3 Ne4 7.Qc2 Qa5+ 8.Nbd2 Nxd2
9.Qxd2 Qxd2+ 10.Kxd2 b6 11.e3 Bb7 12.Be2 Ke7 13.Rhd1 d6 14.Rac1 Nd7 15.Ne1 Rac8
16.Nd3 Rhe8 17.b3 Nf6 18.f3 Kf8 19.dxc5 bxc5 20.e4 Nd7 21.Bf1 Nb8 22.a3 Nc6
23.b4 Nd4 24.Ke3 e5 25.Bh3 Rc7 26.Rc3 g6 27.Rb1 Ba6 28.b5 Bb7 29.a4 f5 30.Bg2 Rf7
31.a5 g5 32.a6 Ba8 33.b6 axb6 34.Rxb6 f4+ 35.gxf4 gxf4+ 36.Kf2 Bc6 37.Bh3 Ra7
38.Ra3 Rea8 39.Bf5 Ke7 40.Ra2 Kf6 41.Bh3 Ke7 42.Nc1 Kd8 43.Ne2 Nxe2 44.Rxc6 Nd4
45.Rxd6+ Ke7 46.Rh6 Kf8 47.Rd6 Rb8 48.Rd5 Rb3 49.Bg4 h5 50.Bxh5 Rc3 51.Rxc5 Rc1
52.Rxe5 Rxc4 53.Rd5 Ke7 54.Rd2 Nb3 55.Re5+ Kf6 56.Rf5+ Ke7 57.Rf7+ Ke6 58.Rxa7 Nxd2
59.Ra8 Rc2 60.Ke2 Ra2 61.Kd3 Kd6 62.a7 Kc7 63.Rf8 Kb7 64.a8=Q+ Rxa8 65.Rxa8  1-0

[Event "Oz.com qualifier blitz"]
[Site "Internet ICC"]
[Date "2000.03.05"]
[Round "6"]
[White "Gurevich,D"]
[Black "Betaneli,A"]
[Result "1-0"]
[WhiteElo "2543"]
[BlackElo "2244"]

1.d4 Nf6 2.c4 e6 3.g3 Bb4+ 4.Nd2 Nc6 5.Nf3 Ne4 6.Bg2 Nxd2 7.Bxd2 Qe7 8.O-O Bxd2
9.Qxd2 d6 10.b4 e5 11.b5 Nxd4 12.Nxd4 exd4 13.Qxd4 O-O 14.e3 a6 15.a4 Qe5
16.Qxe5 dxe5 17.c5 axb5 18.axb5 Rxa1 19.Rxa1 Bd7 20.b6 c6 21.f4 exf4 22.gxf4 g6
23.e4 Re8 24.Kf2 Kg7 25.Ke3 f5 26.e5 g5 27.Ra7 gxf4+ 28.Kxf4 Rb8 29.e6 Bxe6
30.Bxc6 Rc8 31.Bxb7 Rxc5 32.Ba6+  1-0

[Event "Oz.com qualifier blitz"]
[Site "Internet ICC"]
[Date "2000.03.05"]
[Round "8"]
[White "Halldorsson,G"]
[Black "Steigman,A"]
[Result "1-0"]
[WhiteElo "2275"]
[BlackElo "2213"]

1.d4 Nf6 2.c4 e6 3.g3 Bb4+ 4.Nd2 O-O 5.Nf3 b6 6.Bg2 Bb7 7.O-O d6 8.Nb3 d5
9.c5 bxc5 10.a3 c4 11.axb4 cxb3 12.Qxb3 c6 13.Bf4 Ba6 14.Qc2 Qb6 15.Bd6 Re8
16.Rfc1 Bb5 17.e3 Ne4 18.Bxb8 Raxb8 19.Ne5 Nd6 20.Nd7 Qb7 21.Nxb8 Rxb8 22.Qc5 Nc8
23.e4 a6 24.exd5 exd5 25.Re1 Nb6 26.Re7 Qc8 27.Rae1 Nc4 28.Bh3 Qf8 29.Bd7 Nd2
30.Re8 Nf3+ 31.Kh1 Rxe8 32.Rxe8 Qxe8 33.Bxe8 Bd3 34.Qe7 h5 35.Qxf7+ Kh7 36.Qxh5+ Kg8
37.Qf7+ Kh7 38.Qxf3 Be4 39.Qxe4+ dxe4 40.Bxc6 e3 41.fxe3 Kg6 42.Bb7 Kf6 43.Bxa6 Ke6
44.Bc4+ Kd6 45.e4 g5 46.e5+ Ke7 47.b5 g4 48.b6 Kd7 49.e6+ Ke7 50.b7 Kd6 51.b8=Q+ Ke7
52.Qc7+ Kf6 53.e7 Kg6 54.Qd6+ Kh7 55.Bd3+ Kg7 56.Qe5+ Kh6 57.Qh8+ Kg5 58.Qg7+ Kh5
59.Qg6+  1-0

[Event "Israeli League"]
[Site "Ramat Aviv ISR"]
[Date "2000.03.24"]
[Round "7"]
[White "Mikhalevski,V"]
[Black "Malisov,B"]
[Result "1-0"]
[WhiteElo "2499"]
[BlackElo "2320"]

1.d4 Nf6 2.c4 e6 3.g3 Bb4+ 4.Nd2 O-O 5.Bg2 d5 6.Nf3 dxc4 7.Qc2 Nc6 8.Qxc4 Qd5
9.O-O Rd8 10.e3 Rb8 11.a3 Bd6 12.b4 Bd7 13.Bb2 Qh5 14.h3 e5 15.dxe5 Nxe5
16.Bxe5 Bxe5 17.Nxe5 Qxe5 18.Nf3 Qd6 19.Rfd1 Qc6 20.Qf4 Qb6 21.Ne5 Be6 22.Nc4 Bxc4
23.Qxc4 c6 24.Kf1 a6 25.Ke2 Qb5 26.Qxb5 axb5 27.a4 Rxd1 28.Kxd1 bxa4 29.Rxa4 Kf8
30.Ra7 Ke7 31.Bxc6 Kd6 32.Rxb7 Ra8 33.b5 Ra2 34.Ke1  1-0

[Event "Open"]
[Site "Crans Montana SUI"]
[Date "2000.04.29"]
[Round "3"]
[White "Tukmakov,V"]
[Black "Leib,A"]
[Result "1-0"]
[WhiteElo "2574"]
[BlackElo "2206"]

1.d4 Nf6 2.c4 e6 3.g3 Bb4+ 4.Bd2 Qe7 5.Bg2 Bxd2+ 6.Qxd2 O-O 7.Nc3 d6 8.e4 e5
9.Nge2 Nbd7 10.O-O Re8 11.h3 a5 12.g4 exd4 13.Nxd4 Nc5 14.Rfe1 Bd7 15.g5 Nh5
16.Bf3 g6 17.Bxh5 gxh5 18.Nd5 Qf8 19.Nf6+ Kh8 20.Nxe8 Rxe8 21.Nf5 f6 22.Qd4 Kg8
23.gxf6 Re6 24.e5 dxe5 25.Rxe5 Rxf6 26.Ne7+ Kf7 27.Rxc5  1-0

[Event "Kastav"]
[Site "Opatija CRO"]
[Date "2000.05.09"]
[Round "5"]
[White "Kiss,At"]
[Black "Medancic,R"]
[Result "1/2-1/2"]
[WhiteElo "2326"]
[BlackElo "2304"]

1.d4 Nf6 2.c4 e6 3.g3 Bb4+ 4.Bd2 a5 5.Bg2 d6 6.Nf3 O-O 7.O-O Bxd2 8.Qxd2 Qe7
9.Nc3 c6 10.e4 e5 11.h3 Nbd7 12.b3 Re8 13.Rfe1 Nf8 14.Rad1 b6 15.Na4 Qa7
16.c5 bxc5 17.dxe5 dxe5 18.Qc3 N6d7 19.Rc1 f6 20.Bf1 Kh8 21.Nd2 Ne6 22.Nc4 Qc7
23.h4 Ba6 24.Bh3 Nd4 25.Kg2 Bc8 26.Ne3 Rd8 27.Nf5 c4 28.Qxc4 Nb8 29.Nc5 Na6
30.Red1 Nxc5 31.Qxc5 Bxf5 32.Bxf5 a4 33.b4 a3 34.h5 h6 35.Rd3 Rdb8 36.Rb1 Qb7
37.Bg4 Qb5 38.Qxb5 Rxb5 39.Rc3 Kg8 40.Bd1 Kf8 41.Kf1 Ke7 42.Rc4 Ra7 43.Rbc1 Kd6
44.Ke1 Rab7 45.R4c3 Ra7 46.Kd2 Ra8 47.Kd3 Ra7 48.Ke3 Rb6 49.f4 Ra8 50.Rd3 Kc7
51.Rdc3 Nb5 52.Rb3 Ra4 53.Rd3 Ra8 54.Rb3 Nd6 55.Rc5 Ra4 56.fxe5 fxe5 57.Kd3 Raxb4
58.Rxe5 Rxb3+ 59.Bxb3 Rb4 60.Re7+ Kb6 61.Kc3 Rxe4 62.Rxg7 Re3+ 63.Kb4 Nf5  1/2-1/2